000 00586nam a2200193Ia 4500
005 20260114185819.0
008 008 260114s9999 xx 000 0 eng d
020 _a9781838711757
037 _aEBOOK
040 _aCRL
_beng
_cCRL
041 _aeng
_2eng
084 _qCRL
100 _aN£ria Triana-Toribio
_9874725
245 0 _aSpanish Film Cultures The Making and Unmaking of Spanish Cinema
260 _bBloomsbury
_c2016
856 _uhttps://doi.org/10.5040/9781838711757?locatt=label:secondary_bloomsburyCollections
942 _cEBOOK
999 _c1473659
_d1473659